|
|
|
|
| LEADER |
00000nas a2200000 a 4500 |
| 001 |
ssj0001509 |
| 003 |
WaSeSS |
| 005 |
20200512172242.0 |
| 006 |
m d |
| 007 |
cr n |
| 008 |
980311c19799999mdubr pss | a0eng |
| 010 |
|
|
|a 2011202358
|
| 022 |
|
|
|a 2163-2200
|y 0190-2563
|
| 035 |
|
|
|a (WaSeSS)ssj0001509
|
| 037 |
|
|
|b American Correctional Association, 206 North Washington Street. Suite 200, Alexandria, VA 22314
|
| 040 |
|
|
|a FGA
|b eng
|c FGA
|d OCL
|d OCLCQ
|d AUD
|d OCLCQ
|d DLC
|d CLU
|d OCLCO
|d OCLCF
|d OCLCO
|d OCLCQ
|d VT2
|d WaSeSS
|
| 042 |
|
|
|a pcc
|a nsdp
|
| 043 |
|
|
|a n-us---
|
| 050 |
1 |
4 |
|a HV7231
|b .P853
|
| 082 |
1 |
0 |
|a 364.6
|2 14
|
| 130 |
0 |
|
|a Corrections today (Online)
|
| 222 |
|
0 |
|a Corrections today
|b (Online)
|
| 245 |
1 |
0 |
|a Corrections today
|h [electronic resource].
|
| 260 |
|
|
|a Lanham, MD :
|b American Correctional Association
|
| 310 |
|
|
|a Bimonthly
|
| 362 |
1 |
|
|a Began in 1979.
|
| 506 |
|
|
|a License restrictions may limit access.
|
| 538 |
|
|
|a Mode of access: World Wide Web.
|
| 550 |
|
|
|a "Official publication of the American Correctional Association."
|
| 588 |
|
|
|a Description based on: Vol. 56, issue 1 (Feb. 1994); title from available issues screen (viewed Mar. 10, 1998).
|
| 588 |
|
|
|a Latest issue consulted: June 2011 (Aca.org, viewed Aug. 29, 2011).
|
| 650 |
|
0 |
|a Corrections
|v Periodicals.
|
| 650 |
|
0 |
|a Corrections
|z United States
|v Periodicals.
|
| 650 |
|
0 |
|a Prisons
|v Periodicals.
|
| 650 |
|
0 |
|a Prisons
|z United States
|v Periodicals.
|
| 650 |
|
7 |
|a Corrections.
|2 fast
|0 (OCoLC)fst00880260
|
| 650 |
|
7 |
|a Prisons.
|2 fast
|0 (OCoLC)fst01077326
|
| 651 |
|
7 |
|a United States.
|2 fast
|0 (OCoLC)fst01204155
|
| 655 |
|
0 |
|a Electronic journals.
|
| 710 |
2 |
|
|a American Correctional Association.
|
| 776 |
1 |
|
|t Corrections today
|x 0190-2563
|w (DLC) 79642709
|w (OCoLC)4676827
|
| 856 |
4 |
0 |
|z Full text available from Research Library: 02/01/1994 to present
|u https://search.proquest.com/publication/13700
|